'Sex and the City' Last Names Quiz Stats

 Plays Quiz not verified by Sporcle

Challenge
Share
Tweet
Embed
Score 0/18 Timer 06:00
0 Plays Today
First Name Last Name % Correct
CarrieBradshaw
99.2%
SamanthaJones
95.4%
CharlotteYork
94.3%
MirandaHobbs
88.3%
TreyMacDougal
83.6%
SteveBrady
77.1%
John 'Mr. Big'Preston
77.1%
StanfordBlatch
74.1%
AidanShaw
73.3%
First Name Last Name % Correct
JackBerger
73.3%
AleksandrPetrovsky
70.5%
HarryGoldenblatt
70.1%
SmithJerrod
53.9%
RichardWright
47.3%
RobertLeeds
31%
AnthonyMarantino
30.8%
Bitsyvon Muffling
26.3%
EnidMead
5.1%

You're not logged in!

Compare scores with friends on all Sporcle quizzes.
OR
Log In

You Might Also Like...

Show Comments

Extras

Created Feb 25, 2010SourceReportNominate
Tags:City Quiz, character, last

Top Quizzes Today


Score Distribution

Your Account Isn't Verified!

In order to create a playlist on Sporcle, you need to verify the email address you used during registration. Go to your Sporcle Settings to finish the process.

Report this User

Report this user for behavior that violates our Community Guidelines.

Details: